[Event "Scarborough CC-ch"]
[Site "Toronto CAN"]
[Date "2014.05.08"]
[Round "7"]
[White "Casareno, Erwin"]
[Black "Southam, David"]
[Result "0-1"]
[WhiteElo "2119"]
[BlackElo "2233"]
[PlyCount "98"]
[EventDate "2014.03.27"]
[EventType "swiss"]
[EventRounds "8"]
[EventCountry "CAN"]

1. e4 e6 2. d4 d5 3. Nc3 Bb4 4. Qg4 Nf6 5. Qxg7 Rg8 6. Qh6 c5 7. Bg5 Ng4 8.
Bxd8 Nxh6 9. Bf6 Nd7 10. Bb5 Ng4 11. Bh4 cxd4 12. a3 Be7 13. Bxe7 Kxe7 14. Nce2
dxe4 15. Nxd4 a6 16. Be2 e3 17. Bxg4 Rxg4 18. fxe3 Rxg2 19. Kf1 Rg7 20. Ngf3
Nf6 21. c4 Bd7 22. Rg1 Rxg1+ 23. Kxg1 Ng4 24. e4 Rg8 25. Rc1 Nf6+ 26. Kf2 Nxe4+
27. Ke3 f5 28. c5 Kf6 29. b4 e5 30. Ne2 Bc6 31. Neg1 f4+ 32. Kd3 Rd8+ 33. Kc2
Ba4+ 34. Kb2 Nd2 35. Kc3 Nxf3 36. Nxf3 Bc6 37. Nd2 Bd5 38. Rd1 Rg8 39. a4 Kf5
40. b5 axb5 41. axb5 e4 42. Nf3 exf3 43. Rxd5+ Ke4 44. Rd4+ Ke3 45. Rd3+ Ke2
46. c6 bxc6 47. bxc6 f2 48. Rd2+ Ke1 49. c7 Rc8 0-1

[Event "Scarborough CC-ch"]
[Site "Toronto CAN"]
[Date "2014.05.08"]
[Round "7"]
[White "Shah, Omar"]
[Black "Armstrong, Robert J"]
[Result "0-1"]
[WhiteElo "2030"]
[BlackElo "1603"]
[PlyCount "92"]
[EventDate "2014.03.27"]
[EventType "swiss"]
[EventRounds "8"]
[EventCountry "CAN"]

1. Nf3 g6 2. e4 Bg7 3. Bc4 d6 4. d4 Nf6 5. Nc3 Nxe4 6. Nxe4 d5 7. Bd3 dxe4 8.
Bxe4 O-O 9. Be3 c5 10. O-O cxd4 11. Nxd4 e5 12. Nb5 Qa5 13. Nd6 Nc6 14. Qf3 Nd4
15. Bxd4 exd4 16. Rad1 Rb8 17. Rfe1 Be6 18. Nxb7 Qxa2 19. b3 Qa6 20. Ra1 Qb6
21. Ra4 Bc8 22. Na5 Bd7 23. Nc4 Qc5 24. Ra5 Rb5 25. Ra6 Be6 26. Rc6 Qb4 27. Rd1
Rc5 28. Rxc5 Qxc5 29. Bd3 Qg5 30. Nd2 Bg4 31. Qg3 Be5 32. f4 Bxf4 33. Qe1 Be3+
34. Kh1 Bxd1 35. Ne4 Qf4 36. Qxd1 Kg7 37. b4 Re8 38. Ng3 Bf2 39. Ne2 Qh4 40. b5
Re5 41. g3 Qg4 42. Kg2 Be3 43. Qf1 Re6 44. h3 Qg5 45. Qa1 Rf6 46. Qe1 Qd5+ 0-1

[Event "Scarborough CC-ch"]
[Site "Toronto CAN"]
[Date "2014.05.15"]
[Round "8"]
[White "Pishdad, Hassan"]
[Black "Aghamalian, Leonid"]
[Result "1/2-1/2"]
[WhiteElo "1139"]
[BlackElo "1548"]
[PlyCount "75"]
[EventDate "2014.03.27"]
[EventType "swiss"]
[EventRounds "8"]
[EventCountry "CAN"]

1. d4 Nf6 2. c4 g6 3. Nc3 Bg7 4. e4 d6 5. h3 O-O 6. Nf3 b6 7. Bd3 Bb7 8. O-O
Nc6 9. d5 Nb4 10. a3 Nxd3 11. Qxd3 e5 12. a4 a6 13. b3 Nd7 14. Ba3 Nc5 15. Bxc5
bxc5 16. Rab1 a5 17. Nb5 Bc8 18. Nd2 f5 19. Nc3 Bh6 20. Nf3 Qf6 21. Rbe1 Rb8
22. Nb5 Qe7 23. Nh2 fxe4 24. Qxe4 Bf5 25. Qe2 Bd7 26. Ng4 Bxg4 27. Qxg4 Rf4 28.
Qe6+ Qxe6 29. dxe6 Rb7 30. Rb1 Bf8 31. Nc3 c6 32. f3 Rf6 33. Rfe1 Re7 34. Ne4
Rfxe6 35. Ng5 Rf6 36. Ne4 Rfe6 37. Ng5 Rf6 38. Ne4 1/2-1/2

[Event "Scarborough CC-ch"]
[Site "Toronto CAN"]
[Date "2014.05.01"]
[Round "6"]
[White "Alganabi, Zaidun"]
[Black "Shah, Omar"]
[Result "0-1"]
[WhiteElo "1597"]
[BlackElo "2031"]
[PlyCount "62"]
[EventDate "2014.03.27"]
[EventType "swiss"]
[EventRounds "8"]
[EventCountry "CAN"]

1. d4 Nf6 2. c4 e6 3. Nc3 Bb4 4. Bg5 c5 5. e3 Qa5 6. Bd3 cxd4 7. exd4 Qxg5 8.
Nf3 Qa5 9. Qc2 d5 10. O-O Bxc3 11. bxc3 dxc4 12. Bxc4 O-O 13. Ne5 Nc6 14. f4
Qc7 15. Bd3 g6 16. Rf3 Nh5 17. g4 Ng7 18. h4 f5 19. gxf5 Nxf5 20. Raf1 Bd7 21.
Kh2 Nxe5 22. fxe5 Bc6 23. Rh3 Rf7 24. Rg1 Raf8 25. h5 Nxd4 26. cxd4 Rf2+ 27.
Qxf2 Rxf2+ 28. Kg3 Qf7 29. Rhh1 Qf3+ 30. Kh4 Qxh5+ 31. Kg3 Rf3+ 0-1

[Event "September TNT"]
[Site "Winnipeg CAN"]
[Date "2014.09.09"]
[Round "1.1"]
[White "Melamedoff, Gustavo"]
[Black "Einarsson, Ken"]
[Result "1-0"]
[WhiteElo "2076"]
[BlackElo "1724"]
[Annotator "1"]
[PlyCount "83"]
[EventDate "2014.09.09"]
[EventType "swiss"]
[EventRounds "4"]
[EventCountry "CAN"]

1. Nf3 d5 2. c4 d4 3. g3 Nc6 4. Bg2 e5 5. d3 Nf6 6. O-O Be7 7. Bg5 O-O 8. Nbd2
h6 9. Bxf6 Bxf6 10. a3 Re8 11. b4 a6 12. Rb1 Bd7 13. Qc2 Rb8 14. a4 Qe7 15. Ne4
Nxb4 16. Nxf6+ Qxf6 17. Rxb4 a5 18. Rb2 b6 19. Nd2 Qe7 20. Rfb1 Qa3 21. Ra2 Qe7
22. c5 Rec8 23. Rab2 Qe8 24. Ra1 bxc5 25. Rxb8 Rxb8 26. Qxc5 Bxa4 27. Qxc7 Bd7
28. Qxa5 f6 29. Nc4 Bc6 30. Qc7 Bxg2 31. Kxg2 Rc8 32. Qb7 Rb8 33. Qd5+ Qf7 34.
Qxf7+ Kxf7 35. Ra7+ Kg6 36. g4 Rg8 37. Nd6 h5 38. Nf5 Kg5 39. Rxg7+ Rxg7 40.
Nxg7 hxg4 41. Ne6+ Kf5 42. Kg3 1-0

[Event "September TNT"]
[Site "Winnipeg CAN"]
[Date "2014.09.09"]
[Round "1.4"]
[White "Beach, Brock"]
[Black "Lipnowski, Samuel"]
[Result "0-1"]
[WhiteElo "1727"]
[BlackElo "2220"]
[PlyCount "44"]
[EventDate "2014.09.09"]
[EventType "swiss"]
[EventRounds "4"]
[EventCountry "CAN"]

1. e4 e5 2. Nf3 Nc6 3. Bb5 Nf6 4. O-O Nxe4 5. Re1 Nd6 6. Nxe5 Nxe5 7. Rxe5+ Be7
8. Ba4 O-O 9. Nc3 Bf6 10. Re1 c6 11. Ne4 Nxe4 12. Rxe4 d5 13. Re1 Bf5 14. c3 d4
15. Qf3 Qd7 16. h3 Rae8 17. Rxe8 Rxe8 18. Kf1 Qe6 19. Qd1 Bd3+ 20. Kg1 Qe1+ 21.
Qxe1 Rxe1+ 22. Kh2 Be5+ 0-1

[Event "September TNT"]
[Site "Winnipeg CAN"]
[Date "2014.09.09"]
[Round "1.4"]
[White "Boron, Anthony"]
[Black "Magyar, Peter"]
[Result "1-0"]
[WhiteElo "2009"]
[BlackElo "1565"]
[PlyCount "51"]
[EventDate "2014.09.09"]
[EventType "swiss"]
[EventRounds "4"]
[EventCountry "CAN"]

1. d4 e6 2. c4 c5 3. d5 d6 4. Nc3 Be7 5. Nf3 Nf6 6. e4 e5 7. Be2 a6 8. a4 Nbd7
9. O-O O-O 10. h3 h6 11. Nh2 Nh7 12. f4 f5 13. exf5 Rxf5 14. Bd3 Rf8 15. Ng4
Ndf6 16. Nh2 Bd7 17. Qc2 Qc8 18. Be3 Bxh3 19. gxh3 Qxh3 20. Rf3 Qc8 21. Rg3
exf4 22. Bxf4 Ng5 23. Bxg5 hxg5 24. Bf5 Qd8 25. Be6+ Kh8 26. Rh3+ 1-0

[Event "September TNT"]
[Site "Winnipeg CAN"]
[Date "2014.09.09"]
[Round "1.4"]
[White "Kraus, Dean"]
[Black "Klokow, John"]
[Result "0-1"]
[WhiteElo "1164"]
[BlackElo "1804"]
[PlyCount "54"]
[EventDate "2014.09.09"]
[EventType "swiss"]
[EventRounds "4"]
[EventCountry "CAN"]

1. e4 e5 2. d3 Nc6 3. Nf3 Nf6 4. Be3 d5 5. Nc3 d4 6. Bd2 dxc3 7. Bxc3 Bd6 8. a3
O-O 9. b4 Bg4 10. b5 Nd4 11. Bd2 Qe7 12. Qc1 Bxf3 13. gxf3 Nxf3+ 14. Kd1 Nxd2
15. Kxd2 Rfd8 16. Ke1 a6 17. bxa6 Rxa6 18. d4 Rxa3 19. Bc4 Rxa1 20. Qxa1 exd4
21. Rg1 Nxe4 22. Rg4 Nf6+ 23. Be2 Nxg4 24. Qxd4 Bb4+ 25. Kf1 Rxd4 26. Bxg4 Rxg4
27. h3 Qe1# 0-1

[Event "September TNT"]
[Site "Winnipeg CAN"]
[Date "2014.09.09"]
[Round "1.4"]
[White "Leaden, Bruce"]
[Black "Wasserman, Leor"]
[Result "0-1"]
[WhiteElo "1576"]
[BlackElo "2015"]
[PlyCount "58"]
[EventDate "2014.09.09"]
[EventType "swiss"]
[EventRounds "4"]
[EventCountry "CAN"]

1. d4 Nf6 2. Nf3 g6 3. g3 Bg7 4. Bg2 O-O 5. O-O d5 6. Nbd2 c6 7. c4 Nbd7 8. e3
Re8 9. Re1 e5 10. dxe5 Nxe5 11. Nxe5 Rxe5 12. Nf3 Bg4 13. Qb3 Re7 14. Nd4 Ne4
15. f3 Nc5 16. Qc3 Bc8 17. b3 Ne6 18. Ba3 c5 19. Qd2 Nxd4 20. Bxc5 Nc6 21. Bxe7
Qxe7 22. Rad1 dxc4 23. bxc4 Be6 24. f4 Bxc4 25. Bxc6 bxc6 26. Qd7 Qe4 27. Qg4
Bd5 28. Rxd5 cxd5 29. Qe2 d4 0-1

[Event "September TNT"]
[Site "Winnipeg CAN"]
[Date "2014.09.09"]
[Round "1.4"]
[White "Liebzeit, Mick"]
[Black "Huston-Earle, Joshua"]
[Result "1-0"]
[WhiteElo "1833"]
[BlackElo "1383"]
[PlyCount "45"]
[EventDate "2014.09.09"]
[EventType "swiss"]
[EventRounds "4"]
[EventCountry "CAN"]

1. e4 c5 2. Nf3 e6 3. d4 Nc6 4. d5 Nce7 5. Nc3 d6 6. Bb5+ Bd7 7. dxe6 Bxb5 8.
exf7+ Kxf7 9. Nxb5 Nc6 10. Qd5+ Ke8 11. Bf4 Qa5+ 12. Nc3 Qc7 13. O-O-O Nf6 14.
Qe6+ Qe7 15. Qxe7+ Bxe7 16. Bxd6 Bxd6 17. Rxd6 Rd8 18. Rhd1 Ke7 19. e5 Ng4 20.
Nd5+ Ke8 21. Nc7+ Ke7 22. Re6+ Kf7 23. Ng5+ 1-0

[Event "September TNT"]
[Site "Winnipeg CAN"]
[Date "2014.09.09"]
[Round "1.4"]
[White "Roy, Rayan"]
[Black "Bince, Rolando"]
[Result "0-1"]
[WhiteElo "1543"]
[BlackElo "2000"]
[PlyCount "66"]
[EventDate "2014.09.09"]
[EventType "swiss"]
[EventRounds "4"]
[EventCountry "CAN"]

1. e4 c5 2. Nf3 e6 3. d4 cxd4 4. Nxd4 a6 5. Nc3 d6 6. Bd3 Nf6 7. O-O Nbd7 8.
Kh1 Be7 9. Be3 Qc7 10. a4 b6 11. Qe2 Bb7 12. f3 Ne5 13. f4 Nxd3 14. cxd3 O-O
15. Rac1 Qd8 16. g4 Nd7 17. b4 Rc8 18. Rc2 d5 19. Bd2 Bxb4 20. Kg1 Bxc3 21.
Rxc3 Rxc3 22. Bxc3 dxe4 23. Bb4 exd3 24. Qxd3 Nc5 25. Qd1 Qd5 26. Rf3 Rd8 27.
Bc3 Qxf3 28. Qxf3 Bxf3 29. Nxf3 Rd3 30. Bxg7 Rxf3 31. Be5 Nxa4 32. Kg2 Rd3 33.
g5 b5 0-1

[Event "September TNT"]
[Site "Winnipeg CAN"]
[Date "2014.09.09"]
[Round "1.4"]
[White "Rutter, Blair"]
[Black "Remillard, John"]
[Result "1-0"]
[WhiteElo "2019"]
[BlackElo "1652"]
[PlyCount "67"]
[EventDate "2014.09.09"]
[EventType "swiss"]
[EventRounds "4"]
[EventCountry "CAN"]

1. c4 Nf6 2. g3 e6 3. Bg2 d5 4. d3 dxc4 5. Qa4+ Bd7 6. Qxc4 Bc6 7. Nf3 Nbd7 8.
Nc3 Bd6 9. O-O Bxf3 10. Bxf3 Nb6 11. Qb3 c6 12. Bd2 O-O 13. Rfe1 Nfd7 14. Rad1
Nc5 15. Qc2 Nd5 16. Ne4 Nxe4 17. dxe4 Nb6 18. Bf4 e5 19. Bxe5 Nc8 20. Bxd6 Nxd6
21. e5 Qb6 22. exd6 Rfe8 23. e4 Rad8 24. e5 g6 25. b3 Qa5 26. Qb2 Qc5 27. b4
Qc4 28. Be2 Qe6 29. Bf1 g5 30. Qc2 h5 31. Qc1 Qg4 32. Be2 Qf5 33. Bd3 Qg4 34.
h3 1-0

[Event "September TNT"]
[Site "Winnipeg CAN"]
[Date "2014.09.09"]
[Round "1.4"]
[White "Wiebe, Isaac"]
[Black "Kernetsky, Myron"]
[Result "1-0"]
[WhiteElo "1654"]
[BlackElo "2028"]
[PlyCount "119"]
[EventDate "2014.09.09"]
[EventType "swiss"]
[EventRounds "4"]
[EventCountry "CAN"]

1. d4 Nf6 2. c4 e6 3. Nf3 b6 4. g3 Bb7 5. Bg2 Bb4+ 6. Bd2 Be7 7. O-O c5 8. dxc5
bxc5 9. Nc3 O-O 10. Bf4 d6 11. Nb5 Ne8 12. Qd2 Nc6 13. Rfd1 Qb6 14. Rac1 Rd8
15. Nc3 Nf6 16. e4 Rd7 17. Qc2 Rfd8 18. Be3 Qc7 19. Nb5 Qb8 20. Nc3 Qa8 21. Ne1
Ng4 22. Bd2 Nd4 23. Qd3 Ne5 24. Qf1 Nec6 25. f4 Rf8 26. f5 Ne5 27. Bf4 Nec6 28.
g4 Rfd8 29. Nf3 Nxf3+ 30. Bxf3 Nd4 31. Be3 Bf6 32. g5 Be5 33. Bxd4 Bxd4+ 34.
Kg2 Bxc3 35. Rxc3 Bxe4 36. f6 gxf6 37. gxf6 Kh8 38. Qe2 Rg8+ 39. Kf2 Bxf3 40.
Rxf3 Rg6 41. Rg1 Qg8 42. Rxg6 Qxg6 43. Qd2 Rd8 44. a3 Rg8 45. Ke3 Qg1+ 46. Kd3
Qd4+ 47. Kc2 Qxc4+ 48. Rc3 Qe4+ 49. Kb3 Rb8+ 50. Ka2 Qe5 51. Qh6 Qd5+ 52. Ka1
Qh1+ 53. Rc1 Qg2 54. Rb1 Qg6 55. Qf4 e5 56. Qf2 Rg8 57. Rd1 h5 58. Ka2 Qe4 59.
Qd2 Rg6 60. Qxd6 {and Black lost on time.} 1-0

[Event "September TNT"]
[Site "Winnipeg CAN"]
[Date "2014.09.09"]
[Round "1.4"]
[White "Wolchock, Theo"]
[Black "Evans, Jason"]
[Result "1-0"]
[WhiteElo "1938"]
[BlackElo "1522"]
[PlyCount "89"]
[EventDate "2014.09.09"]
[EventType "swiss"]
[EventRounds "4"]
[EventCountry "CAN"]

1. c4 c5 2. g3 Nf6 3. Bg2 e6 4. Nc3 d5 5. cxd5 exd5 6. d4 Be6 7. Bg5 Be7 8. Nf3
Nc6 9. O-O O-O 10. Rc1 Ne4 11. Bxe7 Qxe7 12. dxc5 Rfd8 13. Qc2 Qxc5 14. Nxe4
Qxc2 15. Nf6+ gxf6 16. Rxc2 Nb4 17. Rc7 Nxa2 18. Rxb7 Rdc8 19. Ra1 Rc1+ 20.
Rxc1 Nxc1 21. Kf1 Bc8 22. Rc7 Nb3 23. Rc3 Rb8 24. Ke1 Na5 25. Nd4 Be6 26. b3
Kf8 27. f4 Nxb3 28. Rxb3 Rxb3 29. Nxb3 Ke7 30. Kd2 Kd6 31. Kd3 f5 32. Kd4 f6
33. Nc5 Bf7 34. Na6 Kc6 35. Nb4+ Kb5 36. Nxd5 a5 37. Nc3+ Kb4 38. Bd5 Be8 39.
Be6 Bb5 40. Nxb5 Kxb5 41. Bxf5 h6 42. e4 Kb4 43. e5 fxe5+ 44. fxe5 a4 45. Be6
1-0

[Event "September TNT"]
[Site "Winnipeg CAN"]
[Date "2014.09.16"]
[Round "2.4"]
[White "Atem, James"]
[Black "Rutter, Blair"]
[Result "0-1"]
[WhiteElo "1932"]
[BlackElo "2019"]
[PlyCount "130"]
[EventDate "2014.09.09"]
[EventType "swiss"]
[EventRounds "4"]
[EventCountry "CAN"]

1. f4 d5 2. d4 Nf6 3. Nf3 h6 4. e3 Bf5 5. c4 e6 6. Nc3 Nc6 7. a3 Be7 8. Qa4 O-O
9. Be2 a6 10. b4 dxc4 11. b5 axb5 12. Qxb5 Na5 13. Nd2 c6 14. Qb2 b5 15. Bf3
Bd3 16. Ne2 Nd5 17. Kf2 Bxe2 18. Bxd5 Qxd5 19. e4 Qh5 20. Qc3 Bd3 21. Bb2 Qe2+
22. Kg3 Qe3+ 23. Nf3 Qxe4 24. Rhe1 Qg6+ 25. Kf2 Bf6 26. Ne5 Bxe5 27. Rxe5 Nb7
28. Qb4 Be4 29. g3 Bd5 30. Rae1 Qg4 31. R1e2 Na5 32. Qc3 Nb3 33. Qe3 Qg6 34.
Qc3 Qb1 35. Re1 Qd3 36. R5e3 Qd2+ 37. Qxd2 Nxd2 38. Bc3 Ne4+ 39. Rxe4 Bxe4 40.
Bb4 Bd5 41. Ke3 Rfc8 42. Kd2 Ra4 43. Ra1 Rca8 44. Kc3 g6 45. Bc5 Kg7 46. Bd6
Kf6 47. Bc5 Kf5 48. Bd6 Kg4 49. Ra2 Kh3 50. Bc5 h5 51. Bd6 f5 52. Bc5 Bg2 53.
Re2 Re8 54. Re3 Kxh2 55. Kd2 Kh3 56. Ke2 Kg4 57. Kf2 Be4 58. Ke2 Rh8 59. Be7
Rh7 60. Bd6 h4 61. gxh4 Rxh4 62. Kf1 Rh3 63. Rxh3 Kxh3 64. Ke2 c3 65. Ke3 c2
0-1

[Event "September TNT"]
[Site "Winnipeg CAN"]
[Date "2014.09.16"]
[Round "2.4"]
[White "Bince, Rolando"]
[Black "Melamedoff, Gustavo"]
[Result "1/2-1/2"]
[WhiteElo "2000"]
[BlackElo "2076"]
[PlyCount "82"]
[EventDate "2014.09.09"]
[EventType "swiss"]
[EventRounds "4"]
[EventCountry "CAN"]

1. e4 Nf6 2. e5 Nd5 3. c4 Nb6 4. c5 Nd5 5. Bc4 e6 6. Qf3 Bxc5 7. Bxd5 exd5 8.
Qxd5 Qe7 9. d4 Bb4+ 10. Bd2 Nc6 11. a3 Bxd2+ 12. Nxd2 d6 13. f4 dxe5 14. dxe5
Be6 15. Qe4 O-O-O 16. Ngf3 Qc5 17. Qe2 Nd4 18. Nxd4 Rxd4 19. Ne4 Qc6 20. Nc3
Bc4 21. Qg4+ Kb8 22. Rd1 Rxd1+ 23. Kxd1 Qb6 24. Kc1 Bd3 25. Re1 Qf2 26. Qd1 Rd8
27. Qd2 Qh4 28. g3 Qe7 29. Rd1 Qc5 30. Qg2 Qc4 31. Qe4 Rd4 32. Qe3 c5 33. e6
fxe6 34. Qe5+ Kc8 35. Qxg7 Rd7 36. Qh8+ Rd8 37. Qe5 b5 38. b3 Qxb3 39. Qxc5+
Kb8 40. Qe5+ Kc8 41. Qc5+ Kb8 1/2-1/2

[Event "September TNT"]
[Site "Winnipeg CAN"]
[Date "2015.09.16"]
[Round "2.4"]
[White "Einarsson, Ken"]
[Black "Wiebe, Isaac"]
[Result "0-1"]
[WhiteElo "1724"]
[BlackElo "1654"]
[PlyCount "124"]
[EventDate "2014.09.09"]
[EventType "swiss"]
[EventRounds "4"]
[EventCountry "CAN"]

1. d4 Nf6 2. c4 g6 3. Nc3 d6 4. e4 Bg7 5. Nf3 O-O 6. Be2 e5 7. dxe5 dxe5 8. O-O
Qxd1 9. Rxd1 Nc6 10. h3 h6 11. Be3 Be6 12. Nd5 Rac8 13. Nxf6+ Bxf6 14. Bxh6
Rfd8 15. Bg5 Bxg5 16. Nxg5 Nd4 17. Nxe6 Nxe6 18. Bg4 Rxd1+ 19. Rxd1 Rd8 20.
Rxd8+ Nxd8 21. Kf1 Nc6 22. Ke2 Kg7 23. Ke3 Kf6 24. Bc8 b6 25. f4 exf4+ 26. Kxf4
Ne5 27. b3 Nd3+ 28. Ke3 Nc1 29. Kd4 Nxa2 30. e5+ Ke7 31. Kd5 Nb4+ 32. Ke4 c5
33. Bb7 a5 34. g4 Nc2 35. Kd3 Nd4 36. Kc3 g5 37. Bd5 Ne2+ 38. Kd3 Nd4 39. Kc3
f6 40. exf6+ Kxf6 41. Kb2 Ke5 42. Ka3 Kf4 43. Ka4 Kg3 44. Bb7 Kxh3 45. Bc8 Kg3
46. Bf5 Kf4 47. Bd7 Ke3 48. Ka3 Kd2 49. Kb2 Nf3 50. Bf5 Ne5 51. Ka3 Kc3 52. Ka4
Nf3 53. Kb5 Nd4+ 54. Kxb6 Nxb3 55. Kb5 Kd4 56. Be6 Nd2 57. Kxa5 Nxc4+ 58. Ka4
Ne3 59. Kb3 c4+ 60. Bxc4 Nxc4 61. Kc2 Ke3 62. Kd1 Kf2 0-1

[Event "September TNT"]
[Site "Winnipeg CAN"]
[Date "2015.09.16"]
[Round "2.4"]
[White "Evans, Jason"]
[Black "Beach, Brock"]
[Result "0-1"]
[WhiteElo "1522"]
[BlackElo "1727"]
[PlyCount "76"]
[EventDate "2014.09.09"]
[EventType "swiss"]
[EventRounds "4"]
[EventCountry "CAN"]

1. e4 c6 2. d4 d5 3. Nc3 dxe4 4. Nxe4 Bf5 5. Bd3 e6 6. Nf3 Nf6 7. Nxf6+ Qxf6 8.
Bg5 Qg6 9. Bxf5 Qxf5 10. O-O Bd6 11. c4 O-O 12. Qb3 b5 13. Rfe1 Nd7 14. c5 Bf4
15. Bxf4 Qxf4 16. a4 a6 17. Qd3 Rfd8 18. a5 Nxc5 19. Qe3 Qxe3 20. Rxe3 Nb7 21.
b4 Nd6 22. Rc3 Nc4 23. Kf1 f6 24. Ke2 Kf7 25. Nd2 Nxd2 26. Kxd2 Rxd4+ 27. Ke3
Rxb4 28. Rxc6 Ra7 29. Ra2 Ke7 30. Rc8 e5 31. f3 Kd7 32. Rg8 Kc6 33. Rc2+ Rc4
34. Rxc4+ bxc4 35. Ke4 Rc7 36. g4 Kb5 37. Rb8+ Kxa5 38. h4 c3 0-1

[Event "September TNT"]
[Site "Winnipeg CAN"]
[Date "2015.09.16"]
[Round "2.4"]
[White "Kernetsky, Myron"]
[Black "Magyar, Peter"]
[Result "0-1"]
[WhiteElo "2028"]
[BlackElo "1565"]
[PlyCount "48"]
[EventDate "2014.09.09"]
[EventType "swiss"]
[EventRounds "4"]
[EventCountry "CAN"]

1. d4 e6 2. c4 c5 3. d5 exd5 4. cxd5 Be7 5. e4 d6 6. Nc3 Nf6 7. h3 a6 8. a4
Nbd7 9. Nf3 Ne5 10. Nxe5 dxe5 11. Bd3 Nd7 12. O-O Rb8 13. Qe2 O-O 14. a5 Bg5
15. Be3 Bf4 16. Rfc1 Qg5 17. Nd1 Nf6 18. Qf3 Bg4 19. hxg4 Nxg4 20. Rxc5 Bh2+
21. Kh1 Bf4 22. Be2 Bxe3 23. fxe3 Qh4+ 24. Qh3 Qe1+ 0-1

[Event "September TNT"]
[Site "Winnipeg CAN"]
[Date "2014.09.16"]
[Round "2.4"]
[White "Klokow, John"]
[Black "Boron, Anthony"]
[Result "0-1"]
[WhiteElo "1804"]
[BlackElo "2009"]
[PlyCount "84"]
[EventDate "2014.09.09"]
[EventType "swiss"]
[EventRounds "4"]
[EventCountry "CAN"]

1. e4 c5 2. Ne2 e6 3. d4 cxd4 4. Nxd4 Nf6 5. Nc3 Nc6 6. Bc4 Bb4 7. Nxc6 bxc6 8.
Qe2 d5 9. exd5 cxd5 10. Bb5+ Bd7 11. Bd2 O-O 12. O-O Rb8 13. Bd3 Bc6 14. Nd1
Bxd2 15. Qxd2 d4 16. c3 Qd5 17. f3 Rfd8 18. c4 Qd6 19. a3 Nd7 20. b4 Ne5 21. c5
Qd7 22. Nf2 Bd5 23. Qc2 g6 24. Rfe1 Qc7 25. Rad1 Bxf3 26. gxf3 Nxf3+ 27. Kg2
Nxe1+ 28. Rxe1 Qf4 29. Ne4 Qg4+ 30. Kf2 Qh4+ 31. Kf1 Rd5 32. Nd6 Qh3+ 33. Ke2
Re5+ 34. Kd1 Rxe1+ 35. Kxe1 Qe3+ 36. Qe2 Qc1+ 37. Kf2 Qxa3 38. Qf3 Rf8 39. c6
Qxb4 40. Qf4 Qa5 41. Qxd4 Rd8 42. Qf4 Qc5+ 0-1

[Event "September TNT"]
[Site "Winnipeg CAN"]
[Date "2014.09.16"]
[Round "2.4"]
[White "Lipnowski, Samuel"]
[Black "Wolchock, Theo"]
[Result "1-0"]
[WhiteElo "2220"]
[BlackElo "1938"]
[PlyCount "49"]
[EventDate "2014.09.09"]
[EventType "swiss"]
[EventRounds "4"]
[EventCountry "CAN"]

1. c4 c5 2. Nf3 Nc6 3. Nc3 g6 4. e3 Bg7 5. d4 cxd4 6. exd4 d6 7. d5 Ne5 8. Nxe5
Bxe5 9. Be2 Bg7 10. O-O Nf6 11. Be3 O-O 12. Rc1 Bf5 13. b4 b6 14. c5 bxc5 15.
bxc5 dxc5 16. Bxc5 Nd7 17. Bd4 Bh6 18. g4 Bxc1 19. Qxc1 Bxg4 20. Bxg4 Nf6 21.
Qh6 Ne8 22. Ne4 e5 23. Bxe5 f6 24. Be6+ Kh8 25. Qxf8# 1-0

[Event "September TNT"]
[Site "Winnipeg CAN"]
[Date "2015.09.16"]
[Round "2.4"]
[White "Wasserman, Leor"]
[Black "Liebzeit, Mick"]
[Result "0-1"]
[WhiteElo "2015"]
[BlackElo "1833"]
[PlyCount "68"]
[EventDate "2014.09.09"]
[EventType "swiss"]
[EventRounds "4"]
[EventCountry "CAN"]

1. e4 c5 2. Nf3 e6 3. d4 cxd4 4. Nxd4 Nf6 5. Nc3 Nc6 6. Nxc6 bxc6 7. e5 Nd5 8.
Nxd5 cxd5 9. Bd3 Qc7 10. O-O Qxe5 11. Re1 Qf6 12. c4 Bb4 13. Re3 dxc4 14. Be4
Rb8 15. Rf3 Qe7 16. Qd4 Qd6 17. Be3 Qxd4 18. Bxd4 d5 19. Bc2 O-O 20. Rg3 f6 21.
Bxa7 Rb7 22. Be3 e5 23. a3 Bd6 24. Bc1 e4 25. f4 e3 26. Bxe3 Rxb2 27. Ba4 Bf5
28. Bc6 Be4 29. a4 Rfb8 30. a5 c3 31. a6 c2 32. Rc1 Rb1 33. a7 Rxc1+ 34. Bxc1
Bc5+ 0-1

[Event "September TNT"]
[Site "Winnipeg CAN"]
[Date "2014.09.23"]
[Round "3.4"]
[White "Kernetsky, Myron"]
[Black "Kraus, Dean"]
[Result "1-0"]
[WhiteElo "2028"]
[BlackElo "1164"]
[PlyCount "51"]
[EventDate "2014.09.09"]
[EventType "swiss"]
[EventRounds "4"]
[EventCountry "CAN"]

1. d4 d5 2. c4 c6 3. Nc3 Nf6 4. Nf3 e6 5. e3 Bb4 6. Bd2 c5 7. Qb3 Na6 8. dxc5
O-O 9. Rd1 e5 10. cxd5 Nxc5 11. Qxb4 b6 12. Be2 Re8 13. Qh4 e4 14. Nd4 Bb7 15.
O-O Re5 16. f4 Rh5 17. Bxh5 g6 18. Be2 Rc8 19. Bc4 Qd7 20. Qxf6 Qg4 21. Be2 Qd7
22. f5 a5 23. Bg4 Nd3 24. fxg6 Rc4 25. gxh7+ Kf8 26. h8=Q# 1-0

[Event "September TNT"]
[Site "Winnipeg CAN"]
[Date "2014.09.23"]
[Round "3.4"]
[White "Leaden, Bruce"]
[Black "Evans, Jason"]
[Result "1/2-1/2"]
[WhiteElo "1576"]
[BlackElo "1522"]
[PlyCount "72"]
[EventDate "2014.09.09"]
[EventType "swiss"]
[EventRounds "4"]
[EventCountry "CAN"]

1. d4 e6 2. Nf3 d5 3. c4 c6 4. Nc3 Nf6 5. e3 Bb4 6. Bd2 O-O 7. Be2 b6 8. a3
Bxc3 9. Bxc3 Ba6 10. cxd5 Bxe2 11. Qxe2 cxd5 12. O-O Nc6 13. b4 a6 14. Rac1 b5
15. Rfe1 Ne4 16. Bb2 Rc8 17. Nd2 Nd6 18. Qg4 Qd7 19. e4 Nc4 20. Nxc4 bxc4 21.
Bc3 Na7 22. exd5 Qxd5 23. Re5 Qd7 24. Rc5 Rfd8 25. d5 e5 26. Qxd7 Rxd7 27.
Rxc8+ Nxc8 28. Re1 f6 29. f4 Rxd5 30. fxe5 fxe5 31. Bxe5 Nb6 32. Bg3 c3 33. Rc1
Na4 34. Be1 Rd3 35. Kf2 c2 36. Rxc2 Rxa3 1/2-1/2

[Event "September TNT"]
[Site "Winnipeg CAN"]
[Date "2014.09.23"]
[Round "3.4"]
[White "Liebzeit, Mick"]
[Black "Lipnowski, Samuel"]
[Result "0-1"]
[WhiteElo "1833"]
[BlackElo "2220"]
[PlyCount "66"]
[EventDate "2014.09.09"]
[EventType "swiss"]
[EventRounds "4"]
[EventCountry "CAN"]

1. e4 e5 2. Nf3 Nc6 3. Bb5 Nf6 4. O-O Nxe4 5. Re1 Nd6 6. Bxc6 dxc6 7. Nxe5 Be7
8. d4 O-O 9. Nd2 Nf5 10. c3 c5 11. Ndf3 cxd4 12. Nxd4 Nxd4 13. cxd4 Be6 14. b3
Qd5 15. Bb2 Rfe8 16. Qc2 c6 17. Rad1 Rad8 18. f4 f6 19. Nc4 Bb4 20. Ne3 Qa5 21.
Rf1 Bf7 22. Rf3 Qb5 23. a4 Qa6 24. Rg3 Bf8 25. Ng4 Kh8 26. d5 Qe2 27. Qb1 Rxd5
28. Rf1 Bc5+ 29. Kh1 Bd4 30. Rh3 Bg6 31. f5 Rxf5 32. Rxf5 Qe1+ 33. Rf1 Bxb1 0-1

[Event "September TNT"]
[Site "Winnipeg CAN"]
[Date "2014.09.23"]
[Round "3.4"]
[White "Magyar, Peter"]
[Black "Atem, James"]
[Result "0-1"]
[WhiteElo "1565"]
[BlackElo "1932"]
[PlyCount "112"]
[EventDate "2014.09.09"]
[EventType "swiss"]
[EventRounds "4"]
[EventCountry "CAN"]

1. d4 f5 2. e3 Nf6 3. Nf3 d5 4. c4 c6 5. Nbd2 e6 6. Be2 Bd6 7. c5 Be7 8. Ne5
O-O 9. O-O Qc7 10. f4 Nbd7 11. Ndf3 Ne4 12. Bd2 b6 13. b4 a5 14. a3 Bb7 15. Kh1
axb4 16. axb4 bxc5 17. Nxd7 Qxd7 18. bxc5 Qc7 19. Qe1 Rxa1 20. Qxa1 Ra8 21. Qb2
Bd8 22. Kg1 Bf6 23. Bb4 h6 24. Ne5 Bc8 25. Bh5 Bxe5 26. fxe5 Bd7 27. Ra1 Rxa1+
28. Qxa1 Qb7 29. Be1 Kh7 30. Bf3 Qb3 31. Qc1 Ng5 32. Qd1 Qxe3+ 33. Bf2 Nxf3+
34. gxf3 Qa3 35. f4 Be8 36. Kh1 Qh3 37. Qg1 Qf3+ 38. Qg2 Qxf4 39. Qg3 Qc1+ 40.
Qg1 Qc2 41. h4 Bh5 42. Qg3 Qe4+ 43. Kh2 f4 44. Qh3 Qe2 45. Qg2 Bf3 46. Qg1 g5
47. Qe1 Qxe1 48. Bxe1 Kg6 49. Bf2 g4 50. Be1 Kf5 51. Kg1 Ke4 52. Kh2 h5 53. Bf2
g3+ 54. Bxg3 fxg3+ 55. Kxg3 Bg4 56. Kg2 Kxd4 0-1